000
00296nam a22001337a 4500
082
_a
894.812
_b
KUR/C
100
_a
KURUPP, K.K.N
245
_a
CHARITHRATHINTE PATHAYIL
260
_a
CALICUT
_b
REED BOOKS
_c
1999
300
_a
120
520
_a
AUTOBIOGRAPHY
650
_a
AUTOBIOGRAPHY
942
_c
BK
999
_c
5569
_d
5569